00725cam a22002178i 45000010009000000050017000090080041000260200018000670400013000850820020000981000029001182450085001472600031002323000011002636500045002746500029003196500034003489420007003829990019003899520099004082394148620251126122807.0241205s2025 enk b 001 0 eng  a9781032782676 cPK-LaUMT00a658.4083bREZ-B1 aRezaee, Zabihollah9818510aBusiness sustainability framework :btheory and practice /cby Zabihollah Rezaee aLondon :bRoutledge,c2025 a479 p. 0aSustainable development reporting.98186 0aSocial accounting.98187 0aEnvironmental auditing.98188 cBK c139276d139276 00104070a01b01d2025-11-26l0o658.4083 REZ-Bp151085r2025-11-26 12:28:18w2025-11-26yBK